<?xml version="1.0" encoding="UTF-8"?><?xml-stylesheet type="text/xsl" href="static/style.xsl"?><OAI-PMH xmlns="http://www.openarchives.org/OAI/2.0/" xmlns:xsi="http://www.w3.org/2001/XMLSchema-instance" xsi:schemaLocation="http://www.openarchives.org/OAI/2.0/ http://www.openarchives.org/OAI/2.0/OAI-PMH.xsd"><responseDate>2026-06-06T19:13:25Z</responseDate><request verb="GetRecord" identifier="oai:riuma.uma.es:10630/40939" metadataPrefix="marc">https://riuma.uma.es/rest/oai/request</request><GetRecord><record><header><identifier>oai:riuma.uma.es:10630/40939</identifier><datestamp>2026-02-12T12:44:50Z</datestamp><setSpec>com_10630_1685</setSpec><setSpec>col_10630_38055</setSpec></header><metadata><record xmlns="http://www.loc.gov/MARC21/slim" xmlns:dcterms="http://purl.org/dc/terms/" xmlns:doc="http://www.lyncode.com/xoai" xmlns:xsi="http://www.w3.org/2001/XMLSchema-instance" xsi:schemaLocation="http://www.loc.gov/MARC21/slim http://www.loc.gov/standards/marcxml/schema/MARC21slim.xsd">
   <leader>00925njm 22002777a 4500</leader>
   <datafield ind2=" " ind1=" " tag="042">
      <subfield code="a">dc</subfield>
   </datafield>
   <datafield ind2=" " ind1=" " tag="720">
      <subfield code="a">Quintero Parra, Nazaret</subfield>
      <subfield code="e">author</subfield>
   </datafield>
   <datafield ind2=" " ind1=" " tag="260">
      <subfield code="c">2025-05</subfield>
   </datafield>
   <datafield ind2=" " ind1=" " tag="520">
      <subfield code="a">Este TFG investiga la relación entre la propiedad intelectual y la configuración estética del diseño industrial a lo largo del siglo XX. Se examina cómo las patentes, tanto en su vertiente funcional como de diseño, han influido en la forma y la operatividad de los productos industriales, dinamizando la innovación y estimulando la rivalidad comercial.&#xd;
La investigación recorre la evolución del diseño industrial mediante una revisión cronológica de las corrientes estéticas más significativas del siglo XX, desde Arts &amp; Crafts y Art Nouveau hasta el Minimalismo y el Diseño Sostenible. Se analiza la interacción de cada corriente con las patentes más importantes de cada una de ellas, evaluando su impacto en las estrategias de diseño y en la salvaguarda de la propiedad intelectual.&#xd;
Mediante una selección de casos de estudio, que comprenden desde la botella de Coca-Cola hasta el Walkman de Sony, se valora cómo las patentes han favorecido la diferenciación de productos, la protección de la identidad de marca y el avance de nuevas tecnologías. Se subraya la relevancia de la protección jurídica de los diseños industriales como un impulsor de la creatividad y la innovación, así como su repercusión en la cultura y la sociedad.&#xd;
Por último, se analiza el marco legal que regula la protección del diseño industrial nivel internacional, europea y española, destacando la importancia del Convenio de París y del Reglamento (CE) n.º 6/2002. Se concluye que la propiedad intelectual ejerce un rol esencial en la determinación de la estética del diseño industrial y que su protección resulta fundamental para promover la innovación y el progreso en el siglo XXI.</subfield>
   </datafield>
   <datafield ind1="8" ind2=" " tag="024">
      <subfield code="a">https://hdl.handle.net/10630/40939</subfield>
   </datafield>
   <datafield tag="653" ind2=" " ind1=" ">
      <subfield code="a">Propiedad intelectual - Trabajos fin de grado</subfield>
   </datafield>
   <datafield tag="653" ind2=" " ind1=" ">
      <subfield code="a">Diseño industrial - Trabajos fin de grado</subfield>
   </datafield>
   <datafield ind2="0" ind1="0" tag="245">
      <subfield code="a">Patentes e innovación: La influencia de la propiedad intelectual en la estética del diseño industrial del siglo XX</subfield>
   </datafield>
</record>
</metadata></record></GetRecord></OAI-PMH>